[Event "SLO-ch U12 Girls"]
[Site "Rogaska Slatina"]
[Date "2009.02.26"]
[Round "7"]
[White "Petek, Sara"]
[Black "Skvorc, Tjasa"]
[Result "0-1"]
[WhiteElo "1500"]
[BlackElo "1500"]
[PlyCount "100"]
[EventDate "2009.02.22"]
[EventType "swiss"]
[EventRounds "9"]
[EventCountry "SLO"]
[SourceTitle "CBM 129 Extra"]
[Source "ChessBase"]
[SourceDate "2009.05.05"]
[SourceVersion "2"]
[SourceVersionDate "2009.05.20"]
[SourceQuality "1"]

1. e4 e5 2. Nf3 Nc6 3. Nc3 Nf6 4. Bb5 d6 5. 0-0 Bd7 6. Re1 Be7 7. Bxc6 Bxc6 8. d3 h6 9. d4 exd4 10. Nxd4 0-0 11. Nxc6 bxc6 12. e5 dxe5 13. Qxd8 Raxd8 14. b3 Bb4 15. Bb2 Nd5 16. a3 Bxc3 17. Bxc3 Nxc3 18. Rxe5 Rd1+ 19. Rxd1 Nxd1 20. h3 Rd8 21. Kf1 Rd5 22. Re8+ Kh7 23. Re7 Ra5 24. a4 Rc5 25. Re2 f6 26. Ke1 Nc3 27. Re3 Nd5 28. Re2 Nf4 29. Rd2 Rd5 30. Rxd5 cxd5 31. Kf1 Kg6 32. h4 Kh5 33. g3 Ne6 34. Kg2 Nd4 35. c4 dxc4 36. bxc4 g5 37. Kh3 Nf3 38. g4+ Kg6 39. hxg5 Nxg5+ 40. Kh4 f5 41. gxf5+ Kxf5 42. Kg3 Ne4+ 43. Kg2 h5 44. f3 Nd2 45. c5 Nb3 46. c6 Na5 47. Kg3 Kg6 48. Kh4 Nxc6 49. f4 Nd4 50. a5 c5 0-1

[Event "SLO-ch U12 Girls"]
[Site "Rogaska Slatina"]
[Date "2009.02.23"]
[Round "3"]
[White "Petek, Sara"]
[Black "Kroselj, Lucija"]
[Result "0-1"]
[WhiteElo "1500"]
[BlackElo "1500"]
[PlyCount "62"]
[EventDate "2009.02.22"]
[EventType "swiss"]
[EventRounds "9"]
[EventCountry "SLO"]
[SourceTitle "CBM 129 Extra"]
[Source "ChessBase"]
[SourceDate "2009.05.05"]
[SourceVersion "2"]
[SourceVersionDate "2009.05.20"]
[SourceQuality "1"]

1. e4 e5 2. Nf3 Nc6 3. Nc3 Nf6 4. Bc4 a6 5. Ng5 Qe7 6. Nxf7 Rg8 7. Ng5 Rh8 8. Nf3 d6 9. 0-0 Bg4 10. Be2 0-0-0 11. Re1 d5 12. exd5 Nxd5 13. d3 Qe6 14. Nxd5 Rxd5 15. Ng5 Bxe2 16. Qxe2 Qf6 17. Qg4+ Kb8 18. Qe4 Bc5 19. Be3 Bxe3 20. Rxe3 Rd4 21. Qg4 Rxg4 22. h3 Rxg5 23. Rf1 Rf8 24. Kh1 Rg6 25. Rf3 Qe7 26. Rxf8+ Qxf8 27. Kg1 Qf5 28. g4 Qf4 29. Re1 Nd4 30. Re4 Nf3+ 31. Kf1 Nd2+ 0-1

[Event "SLO-ch U12 Girls"]
[Site "Rogaska Slatina"]
[Date "2009.02.22"]
[Round "2"]
[White "Pavlic, Petra"]
[Black "Petek, Sara"]
[Result "1-0"]
[WhiteElo "1566"]
[BlackElo "1500"]
[PlyCount "119"]
[EventDate "2009.02.22"]
[EventType "swiss"]
[EventRounds "9"]
[EventCountry "SLO"]
[SourceTitle "CBM 129 Extra"]
[Source "ChessBase"]
[SourceDate "2009.05.05"]
[SourceVersion "2"]
[SourceVersionDate "2009.05.20"]
[SourceQuality "1"]

1. e4 e5 2. Nf3 d6 3. Nc3 Nf6 4. h3 Be7 5. Bc4 0-0 6. d3 Nc6 7. 0-0 a6 8. Nh2 b5 9. Bb3 Nd4 10. Nd5 Nxd5 11. Bxd5 c6 12. Bb3 Nxb3 13. axb3 d5 14. exd5 cxd5 15. Qf3 Bb7 16. Qg3 Re8 17. Re1 Bf6 18. Ng4 e4 19. Nh6+ Kf8 20. Nf5 Qb8 21. Bf4 Be5 22. Bxe5 Qxe5 23. Nd6 Qxg3 24. fxg3 Re7 25. Nxb7 Rxb7 26. dxe4 dxe4 27. Rxe4 Re7 28. Rxe7 Kxe7 29. Kf2 Rc8 30. c3 Rd8 31. Ke3 Rd6 32. Ke2 Re6+ 33. Kd2 Rd6+ 34. Kc2 Rf6 35. Re1+ Kf8 36. Re2 Rg6 37. g4 a5 38. Re5 Rb6 39. c4 bxc4 40. bxc4 Ra6 41. Kb1 f6 42. Rd5 Ke7 43. Ka2 Rc6 44. b3 Re6 45. Rd2 g6 46. Ka3 h6 47. Ka4 Re5 48. Rc2 Rc5 49. Rd2 f5 50. gxf5 Rxf5 51. Rd5 Rxd5 52. cxd5 Kd6 53. Kxa5 Kxd5 54. b4 Kc6 55. Ka6 Kc7 56. b5 Kb8 57. Kb6 h5 58. Kc6 h4 59. b6 g5 60. b7 1-0

[Event "SLO-ch U12 Girls"]
[Site "Rogaska Slatina"]
[Date "2009.02.22"]
[Round "1"]
[White "Petek, Sara"]
[Black "Pozonec, Maria Dorothea"]
[Result "1-0"]
[WhiteElo "1500"]
[BlackElo "1500"]
[PlyCount "83"]
[EventDate "2009.02.22"]
[EventType "swiss"]
[EventRounds "9"]
[EventCountry "SLO"]
[SourceTitle "CBM 129 Extra"]
[Source "ChessBase"]
[SourceDate "2009.05.05"]
[SourceVersion "2"]
[SourceVersionDate "2009.05.20"]
[SourceQuality "1"]

1. e4 e5 2. Nf3 Nc6 3. d3 Bc5 4. Be2 Nf6 5. 0-0 0-0 6. Nc3 d6 7. a3 Bg4 8. Bg5 h6 9. Bd2 Bxf3 10. Bxf3 b6 11. Re1 Nd4 12. Be3 Nxf3+ 13. Qxf3 Bxe3 14. Rxe3 Qd7 15. Ree1 Ng4 16. h3 Nf6 17. Rad1 c6 18. d4 d5 19. dxe5 dxe4 20. Rxd7 exf3 21. exf6 fxg2 22. fxg7 Kxg7 23. Kxg2 Rfd8 24. Rxd8 Rxd8 25. Ne4 Re8 26. Kf1 f5 27. Nd6 Rxe1+ 28. Kxe1 Kf6 29. Nc8 a5 30. Nxb6 Kg5 31. b4 axb4 32. axb4 Kh4 33. c4 Kxh3 34. Nd7 f4 35. b5 cxb5 36. cxb5 f3 37. b6 Kg2 38. b7 h5 39. b8Q h4 40. Qg8+ Kh1 41. Kf1 h3 42. Qg1# 1-0